| 000 | 00615cam a2200205 4500500 | ||
|---|---|---|---|
| 005 | 20260405002158.0 | ||
| 041 | _afre | ||
| 042 | _adc | ||
| 100 | 1 | 0 |
_aLaugier, Sandra _eauthor |
| 245 | 0 | 0 | _aAnonymous. Le masque de l’Histoire |
| 260 | _c2016. | ||
| 500 | _a28 | ||
| 690 | _aActivisme | ||
| 690 | _aAnonymous | ||
| 690 | _aDésobéissance | ||
| 690 | _aHenry David Thoreau | ||
| 690 | _aSandra Laugier | ||
| 786 | 0 | _nPhilosophie magazine | 98 | 4 | 2016-04-01 | p. 30-30 | 1951-1787 | |
| 856 | 4 | 1 | _uhttps://shs.cairn.info/magazine-philosophie-magazine-2016-4-page-30?lang=fr&redirect-ssocas=7080 |
| 999 |
_c2055106 _d2055106 |
||